LEADER 01078nam a2200253 i 4500 001 000000223382 003 CaOOAMICUS 005 20131010000000.0 008 131010s1980 it u000 u ita u 013 $a202279 020 $a88-01-12419-8 040 $aSeMil$bita 100 1 $aMion, Renato.$0(OLS)http://semarc/name/38957 245 10$aFine di un'eclissi? :$bsondaggio sulla religiosita dei giovani /$cRenato Mion e collaboratori. 260 $aLeumann (TO) :$bElle Di Ci,$c1980. 300 $a222 p. ;$c21 cm . 650 4$aGiovani - Inchieste - Sec. 20.-21.$0(OLS)http://semarc/subject/22434 650 4$aFede - Inchieste.$0(OLS)http://semarc/subject/36972 850 $aSeMil 852 $aSeMil$W1$xVenegono$y1$m3N VI 383$j173728$B173728$CSeMilBibl$Z2$F185520 $81 961 $aOmaggio: Bressan don Luca 996 $6020$a88-01-12419-8$9(OLS)http://semarc/number/223337 996 $6245$aFine di un'eclissi? :$bsondaggio sulla religiosita dei giovani$9(OLS)http://semarc/title/320339 996 $6260$aLeumann (TO) :$bElle Di Ci$9(OLS)http://semarc/publisher/29654 LEADER 00862nam a2200229 i 4500 001 000000090167 003 CaOOAMICUS 005 20181009161626.0 008 180830s1997 it a u000 u ita u 013 $a62409 040 $aSeMil$bita 245 10$aCity Book. Amsterdam. 260 $aMilano :$bMondadori,$c1997. 300 $a259 p. :$bill. ;$c21 cm 490 0 $aNuove guide visuali / Corriere della Sera 650 4$aAmsterdam - Guide.$0(OLS)http://semarc/subject/30397 830 0$aNuove guide visuali / Corriere della sera.$0(OLS)http://semarc/title/419111 850 $aSeMil 852 $aSeMil$W1$xVenegono$y1$m4Y III 120$j212015$B225472$CSeMilBibl$Z2$F225472 $81 996 $6245$aCity Book. Amsterdam$9(OLS)http://semarc/title/136069 996 $6260$aMilano :$bMondadori$9(OLS)http://semarc/publisher/30335